LEADER 01183nam a2200289 u 4500 001 000000032612 003 CaOOAMICUS 005 20070226112254.0 008 971021s1983 it u000 u ita u 020 $a8821178064 035 $a10773636 040 $aPUL(R)$bita 100 1 $aLambiasi, Francesco.$0(OLS)http://pul/name/9269 245 10$aGesł di Nazareth :$buna verifica storica /$cFrancesco Lambiasi. 260 $aCasale Monferrato :$bMarietti,$cc1983. 300 $a111 p. ;$c20 cm 490 1 $aFame della Parola ;$v7 830 0$aFame della Parola ;$v7.$0(OLS)http://pul/title/44964 850 $aPUL 852 $aPUL$W1$xSL Religione 1$y3$m9 E 9$j44919$nBK-PRI$b $qStampati$B44919$CPULBib$Z2$F44919 $H $81 852 $aPUL$W1$xDP1 Fondo Bordoni$y120$m3 D 21$j166251$qFondi$B173671$CPULBib$Z2$F173671 $HBor1430 $81 941 1 $a1 941 1 $a8 961 $aINV: 50431 996 $6020$a8821178064$9(OLS)http://pul/number/40947 996 $6245$aGesł di Nazareth :$buna verifica storica$9(OLS)http://pul/title/44963 996 $6260$aCasale Monferrato :$bMarietti$9(OLS)http://pul/publisher/49070 LEADER 01213nam a2200301 a 4500 001 000000125405 003 CaOOAMICUS 005 20110520150129.0 008 110520s2010 it u000 u ita r 020 $a978-88-348-8568-0 040 $aPUL$bita 082 04$a346.0436 100 1 $aTringali, Fabio.$0(OLS)http://pul/name/79354 245 13$aLe donazioni /$cFabio Tringali. 260 $aTorino :$bG. Giappichelli,$c©2010. 300 $aXXXII, 731 p. ;$c25 cm 490 1 $aArgomenti del diritto. Area Diritto Civile ;$v5 504 $aBibliografia p. [709]-731. 650 4$aDonazione (diritto).$0(OLS)http://pul/subject/17825 830 0$aArgomenti del diritto.$pArea Diritto Civile ;$v5.$0(OLS)http://pul/title/158122 850 $aPUL 852 $aPUL$W1$xSL Diritto e Scienze Sociali 3$y79$m346. 0436 TRIFA 1$j144424$qDDC 21$B143453$CPULBib$Z2$F143453 $H116268 $82 941 1 $a9 996 $6020$a978-88-348-8568-0$9(OLS)http://pul/number/147256 996 $6082$a346.0436$9(OLS)http://pul/classification/2019 996 $6245$aLe donazioni$9(OLS)http://pul/title/88252 996 $6260$aTorino :$bG. Giappichelli$9(OLS)http://pul/publisher/49130